Crisis of elementary education in India / (Record no. 17020)

MARC details
000 -LEADER
fixed length control field 00723nam a22002057a 4500
008 - FIXED-LENGTH DATA ELEMENTS--GENERAL INFORMATION
fixed length control field 081020t xxu||||| |||| 00| 0 eng d
010 ## - LIBRARY OF CONGRESS CONTROL NUMBER
LC control number ENG-84053
020 ## - INTERNATIONAL STANDARD BOOK NUMBER
International Standard Book Number 8178296848
020 ## - INTERNATIONAL STANDARD BOOK NUMBER
Terms of availability 695.00 (hb)
035 ## - SYSTEM CONTROL NUMBER
System control number EN-67586
082 ## - DEWEY DECIMAL CLASSIFICATION NUMBER
Classification number 372.954
245 ## - TITLE STATEMENT
Title Crisis of elementary education in India /
Statement of responsibility, etc edited by Ravi Kumar
260 ## - PUBLICATION, DISTRIBUTION, ETC. (IMPRINT)
Place of publication, distribution, etc New Delhi
Name of publisher, distributor, etc Sage Publications
260 ## - PUBLICATION, DISTRIBUTION, ETC. (IMPRINT)
Date of publication, distribution, etc 2006
300 ## - PHYSICAL DESCRIPTION
Extent 357p.
Dimensions 22cm
500 ## - GENERAL NOTE
General note Includes bibliographical references and index
700 ## - ADDED ENTRY--PERSONAL NAME
Personal name Ravi Kumar
Titles and other words associated with a name ed
942 ## - ADDED ENTRY ELEMENTS (KOHA)
Source of classification or shelving scheme Dewey Decimal Classification
Koha item type English Books
Classification part 372.954
Call number suffix CRI
Holdings
Withdrawn status Lost status Source of classification or shelving scheme Damaged status Not for loan Home library Current library Date acquired Cost, normal purchase price Total Checkouts Full call number Barcode Date last seen Copy number Cost, replacement price Price effective from Koha item type
    Dewey Decimal Classification   Not For Loan D.B.Act.Division D.B.Act.Division 22/02/2007 695.00   372.954 CRI EN-67586 21/10/2008 1 695.00 21/10/2008 English Books

© Delhi Public Library
Hit Counter
free hit counter